000 00737nam a2200217Ii 4500
003 JO-AjNU
008 230605s9999||||xx |||||||||||||| ||und||
017 _a1427/2110
020 _a9960-00-269-1
040 _aJO-AjNU
_bara
_erda
_cJO-AjNU
041 _aara
050 1 4 _aZ699.B35 2006
100 3 _aبامفلح ، فاتن سعيد ,
_eauthor
_927799
245 0 0 _aاساسيات نظم استرجاع المعلومات الالكترونية
264 3 1 _aالرياض :مكتبة الملك فهد ،2006
300 _a326ص
336 _atext
_btxt
_2rdacontent
337 _aunmediated
_bn
_2rdamedia
338 _avolume
_bnc
_2rdacarrier
650 4 _aتنظيم المعلومات-انظمة المعلومات
_927800
999 _aA10706
_c14274
_d14274